000 00229nam a22001097a 4500
100 _aLuthera,R.C.
245 _aPanoramic indian Painting
250 _a2013
260 _bTrinity Education side
300 _a74
942 _2ddc
_cBK
999 _c12858
_d12858